000
00282nam a2200109Ia 4500
008
190913s9999||||xx |||||||||||||| ||und||
100
_a
Humpkins
245
0
_a
Data Warehousing Architecture And Implementation
260
_a
New Delhi
_b
McGraw Hill
_c
2002
300
_a
1154
942
_c
BK
999
_c
8345
_d
8345